[Event "Tourn. n9472"]
[Site "www.chess-mail.com"]
[Date "2017.08.28"]
[Round "1"]
[White "Awfen"]
[Black "Attatroll"]
[WhiteElo "2030"]
[BlackElo "1990"]
[Result "1/2-1/2"]
[Round "1"]
1.e4 d6
2.Ng1f3 Ng8f6
3.Nb1c3 g6
4.Bf1c4 Bf8g7
5.O-O O-O
6.d4 Nb8c6
7.Bc1g5 a6
8.a3 Bc8g4
9.Qd1d3 Bg4xf3
10.gxf3 e5
11.d5 Nc6d4
12.Nc3e2 b5
13.Bc4a2 Qd8d7
14.Ne2xd4 exd4
15.Kh1 Qd7h3
16.Rf1g1 Nf6h5
17.Rg1g2 Bg7e5
18.f4 Qh3xd3
19.cxd3 Nh5xf4
20.Bg5xf4 Be5xf4
21.Ra1d1 f5
22.h4 Kf7
23.f3 Kf6
24.Rg2c2 Ra8c8
25.Kg2 Bf4e3
26.Rd1f1 f4
27.Kh3 Ke5
28.Rc2g2 Rf8g8
29.Rg2g5 Kf6
30.Ba2b1 h6
31.Rg5g2 g5
32.h5 c5
33.dxc6 Rc8xc6
34.Bb1a2 Rg8c8
35.Rf1e1 Rc6c2
36.Ba2b3 Rc2xg2
37.Kxg2 Rc8c1
38.Kf1 a5
39.a4 b4
40.Bb3c4 Rc1xe1
41.Kxe1 Ke5
42.b3 Kf6
43.Kf1 { draw }
1/2-1/2

[Event "Tourn. n9388"]
[Site "www.chess-mail.com"]
[Date "2017.08.28"]
[Round "1"]
[White "Greghghs"]
[Black "Aperturaf"]
[WhiteElo "2530"]
[BlackElo "2660"]
[Result "1-0"]
[Round "1"]
1.d4 d5
2.c4 e6
3.Nb1c3 Ng8f6
4.Ng1f3 c5
5.cxd5 exd5
6.Bc1g5 Bc8e6
7.e4 dxe4
8.Nc3xe4 cxd4
9.Bf1b5 Be6d7
10.O-O Bf8e7
11.Bg5xf6 Bd7xb5
12.Nf3xd4 Be7xf6
13.Nd4xb5 Qd8xd1
14.Ne4xf6 gxf6
15.Ra1xd1 Nb8a6
16.Rf1e1 Kf8
17.Rd1d7 Na6c5
18.Rd7c7 Nc5e6
19.Rc7xb7 Ne6c5
20.Rb7c7 Nc5e6
21.Rc7xa7 Ra8xa7
22.Nb5xa7 Kg7
23.Na7c6 Rh8c8
24.Nc6e7 Rc8a8
25.a3 Ra8b8
26.Re1e2 Kf8
27.Ne7c6 Rb8b6
28.Re2c2 Rb6b3
29.Kf1 Ke8
30.Rc2d2 f5
31.Ke2 f4
32.f3 { resign }
1-0

[Event "Tourn. n9456"]
[Site "www.chess-mail.com"]
[Date "2017.08.28"]
[Round "1"]
[White "Panamski"]
[Black "Tartan"]
[WhiteElo "2220"]
[BlackElo "2430"]
[Result "0-1"]
[Round "1"]
1.e4 c5
2.Ng1f3 e6
3.Nb1c3 a6
4.a4 Nb8c6
5.d3 d5
6.Bc1d2 Ng8f6
7.g3 Bf8d6
8.Bf1g2 O-O
9.O-O d4
10.Nc3e2 e5
11.h3 c4
12.Kh2 Qd8b6
13.Qd1c1 Bc8e6
 { time }
0-1

[Event "Tourn. n9446"]
[Site "www.chess-mail.com"]
[Date "2017.08.28"]
[Round "1"]
[White "Panamski"]
[Black "Gvladutz"]
[WhiteElo "2220"]
[BlackElo "2329"]
[Result "0-1"]
[Round "1"]
1.e4 e5
2.Ng1f3 Nb8c6
3.Bf1b5 Ng8f6
4.Bb5xc6 dxc6
5.h3 Nf6xe4
6.Qd1e2 Ne4f6
7.Qe2xe5 Bc8e6
8.Nf3g5 Qd8d5
9.Qe5xd5 Be6xd5
10.O-O h6
11.Ng5f3 O-O-O
12.Nf3e1 c5
13.Nb1c3 Bd5c6
14.d3 Bf8d6
15.Bc1e3 Rh8e8
16.a4 Kb8
17.a5 g5
18.Nc3a4 b6
19.axb6 cxb6
20.Na4c3 Bd6e5
 { time }
0-1

[Event "Match"]
[Site "www.echecsemail.com"]
[Date "2017.08.28"]
[Round "1"]
[White "Winston"]
[Black "Ericleo1980"]
[WhiteElo "1910"]
[BlackElo "2230"]
[Result "0-1"]
[Round "1"]
1.e4 c5
2.Ng1f3 d6
3.d4 cxd4
4.Nf3xd4 Ng8f6
5.Nb1c3 a6
6.Bf1e2 e6
7.Bc1e3 b5
8.a3 Bc8b7
9.f3 Nb8d7
10.O-O d5
11.exd5 Nf6xd5
12.Nc3xd5 Bb7xd5
13.Qd1c1 Ra8c8
 { time }
0-1

[Event "Match"]
[Site "www.echecsemail.com"]
[Date "2017.08.28"]
[Round "1"]
[White "Sonny1000"]
[Black "Luke1302"]
[WhiteElo "1500"]
[BlackElo "1340"]
[Result "1-0"]
[Round "1"]
1.e4 e5
2.Ng1f3 Nb8c6
3.c3 Nc6a5
4.Qd1a4 b6
5.h4 g6
6.Nf3g5 Qd8e7
7.b4 Na5c4
8.Bf1xc4 Bf8g7
9.Bc4d5 Ra8b8
10.Qa4xa7 Rb8b7
11.Bd5xb7 Bc8xb7
{ time. }
1-0

[Event "Match"]
[Site "www.echecsemail.com"]
[Date "2017.08.28"]
[Round "1"]
[White "Cjood"]
[Black "Biggles"]
[WhiteElo "1880"]
[BlackElo "2100"]
[Result "0-1"]
[Round "1"]
1.e4 e6
2.f4 d5
3.exd5 exd5
4.c4 Ng8f6
5.cxd5 Nf6xd5
6.Ng1f3 Bc8g4
7.Bf1e2 Nb8d7
8.d4 Nd7f6
9.O-O c6
10.Rf1e1 Bf8e7
11.Qd1b3 Ra8b8
12.Nb1c3 O-O
13.h3 Bg4e6
14.Nc3xd5 Nf6xd5
15.Qb3c2 Qd8d7
16.Nf3e5 Qd7c8
17.a3 c5
18.dxc5 Be7xc5
19.Kh1 Be6xh3
20.Be2d3 g6
21.Ne5xg6 hxg6
22.Bd3xg6 Bh3e6
23.f5 fxg6
24.fxe6 Nd5e7
25.Bc1g5 Bc5d6
26.Qc2d3 Qc8c5
27.Bg5xe7 Qc5h5
28.Qd3h3 Qh5xh3
29.gxh3 Bd6xe7
30.Ra1d1 Rb8d8
31.Rd1xd8 Rf8xd8
32.Re1e2 Kg7
33.Re2f2 Be7f6
34.Kg2 Rd8d5
35.Rf2c2 Bf6d8
36.Rc2e2 Kf8
37.Kg3 Ke7
38.Kf4 Bd8c7
39.Kg4 Rd5e5
40.Re2xe5 Bc7xe5
41.Kg5 Be5xb2
42.a4 Kxe6
43.Kxg6 Kd5
44.Kf5 Kc5
45.Ke6 a5
46.Kf5 Kb4
47.Ke4 Kxa4
48.Kd3 Kb3
49.Kd2 b5
{ resign }
0-1

[Event "Match"]
[Site "www.echecsemail.com"]
[Date "2017.08.28"]
[Round "1"]
[White "Luke1302"]
[Black "Stewartborst"]
[WhiteElo "1360"]
[BlackElo "1499"]
[Result "0-1"]
[Round "1"]
1.e4 c5
2.b3 e6
3.Bc1b2 b6
4.g3 Bc8b7
5.Bf1g2 Ng8f6
6.Nb1a3 Nf6xe4
7.Ng1h3 Ne4d6
8.f3 Nd6f5
9.Nh3f4 Bf8d6
10.Nf4h5 O-O
11.Bb2xg7 Rf8e8
12.Bg7f6 Qd8c7
13.g4 Nf5e7
14.Bf6xe7 Re8xe7
15.Na3c4 Bd6xh2
16.Nh5f6 Kh8
17.f4 Bh2xf4
18.Nf6xh7 d5
19.Nh7f6 Bf4h2
20.Qd1f3 Qc7f4
21.Qf3h3 Kg7
22.Nf6h5 Kf8
23.Nh5xf4 Ke8
24.Nc4d6 Kd7
25.Nd6xb7 Bh2xf4
26.Bg2xd5 exd5
27.Kd1 Nb8c6
28.g5 Kc7
29.a4 Kb8
30.Nb7d6 Bf4xd6
31.Qh3h8 Kb7
32.a5 Ra8xh8
33.Rh1xh8 Nc6xa5
34.d3 Bd6f4
35.Ra1a4 Bf4xg5
36.Ra4g4 f6
37.b4 Na5c6
38.b5 Nc6e5
39.Rg4a4 Ne5f3
40.d4 Re7e1

0-1

[Event "Match"]
[Site "www.echecsemail.com"]
[Date "2017.08.28"]
[Round "1"]
[White "Iko"]
[Black "Cjood"]
[WhiteElo "1610"]
[BlackElo "1910"]
[Result "0-1"]
[Round "1"]
1.e4 e5
2.Ng1f3 Nb8c6
3.Bf1b5 Ng8e7
4.O-O a6
5.Bb5xc6 Ne7xc6
6.d3 Bf8c5
7.Nb1c3 d6
8.Nc3d5 O-O
9.Bc1d2 Bc8e6
10.Qd1e2 b5
11.a3 Nc6e7
12.Nd5xe7 Qd8xe7
13.h4 c6
14.b4 Bc5b6
15.Nf3g5 h6
16.Ng5xe6 fxe6
17.c4 bxc4
18.dxc4 Qe7xh4
19.g3 Qh4xg3
20.Kh1 Qg3h3
21.Kg1 Rf8f7
22.Rf1c1 Ra8f8
23.c5 dxc5
24.bxc5 Bb6a7
25.f4 exf4
26.Qe2xa6 f3
27.Rc1f1 Ba7xc5
28.Rf1f2 Qh3g2

0-1

[Event "Match"]
[Site "www.echecsemail.com"]
[Date "2017.08.28"]
[Round "1"]
[White "Karlgrocer"]
[Black "Cjood"]
[WhiteElo "2000"]
[BlackElo "1910"]
[Result "1-0"]
[Round "1"]
1.d4 c6
2.e3 e5
3.dxe5 Qd8a5
4.Nb1c3 Qa5xe5
5.Ng1f3 Qe5e7
6.Bf1e2 d5
7.O-O g6
8.a4 a5
9.b3 Bc8e6
10.Bc1b2 Ng8f6
11.Nf3d4 b6
12.Bb2a3 c5
13.Nd4xe6 fxe6
14.Be2f3 Qe7b7
15.Ba3b2 Nb8d7
16.Nc3b5 Bf8e7
17.c4 O-O
18.cxd5 exd5
19.Ra1c1 Ra8c8
20.Qd1d3 Rc8d8
21.Rf1d1 Nd7b8
22.Bb2xf6 c4
23.bxc4 dxc4
24.Qd3xc4 { resign }
1-0

[Event "Match"]
[Site "www.echecsemail.com"]
[Date "2017.08.28"]
[Round "1"]
[White "Traub"]
[Black "Vios"]
[WhiteElo "1410"]
[BlackElo "1199"]
[Result "0-1"]
[Round "1"]
1.e4 c5
2.Bf1c4 e6
3.Nb1c3 a6
4.a4 Nb8c6
5.Ng1f3 Ng8e7
6.d4 cxd4
7.Nf3xd4 Qd8c7
8.Bc4b3 g6
9.f3 Bf8g7
10.Bc1e3 O-O
11.Qd1d2 b6
12.g4 Bc8b7
13.h4 Nc6e5
14.g5 Ne5c4
15.Bb3xc4 Qc7xc4
16.b3 Qc4c7
17.Nc3e2 Ra8c8
18.Ra1c1 d5
19.f4 dxe4
20.c4 Ne7f5
21.Nd4xf5 exf5
22.O-O Rf8d8
23.Qd2c2 Rd8d3
 { time }
0-1

[Event "1/32 Finale"]
[Site "www.chess-mail.com"]
[Date "2017.08.28"]
[Round "1"]
[White "Vega"]
[Black "Bojan"]
[WhiteElo "2520"]
[BlackElo "1940"]
[Result "1-0"]
[Round "1"]
1.e4 e5
2.Ng1f3 d6
3.d4 exd4
4.Nf3xd4 Bc8d7
5.Bf1c4 Nb8c6
6.Nb1c3 Bf8e7
7.Nd4xc6 Bd7xc6
8.Qd1h5 g6
9.Qh5f3 f5
10.O-O Ng8f6
11.Rf1e1 fxe4
12.Nc3xe4 Rh8f8
13.Ne4xf6 Rf8xf6
14.Qf3xf6 d5
15.Bc1g5 { resign }
1-0

[Event "Tourn. n9401"]
[Site "www.chess-mail.com"]
[Date "2017.08.29"]
[Round "1"]
[White "Seger"]
[Black "Nimzo"]
[WhiteElo "2680"]
[BlackElo "2880"]
[Result "1/2-1/2"]
[Round "1"]
1.b3 e5
2.c4 Nb8c6
3.Bc1b2 Ng8f6
4.Ng1f3 e4
5.Nf3d4 Bf8c5
6.Nd4f5 O-O
7.e3 d5
8.cxd5 Nc6b4
9.Nf5g3 Nf6xd5
10.Qd1c1 Bc5b6
11.Nb1c3 Nb4d3
12.Bf1xd3 exd3
13.O-O Nd5b4
14.Bb2a3 c5
15.Ba3xb4 cxb4
16.Nc3a4 Bc8e6
17.Qc1b2 Ra8c8
18.Ra1c1 Bb6c7
19.Na4c5 Qd8d5
20.f4 Be6d7
21.Nc5xd7 Qd5xd7
22.Rc1c4 Bc7b6
23.f5 f6
24.Qb2c1 Rf8d8
25.Rf1f4 Bb6xe3
26.dxe3 d2
27.Qc1d1 b5
28.Rc4xc8 Rd8xc8
29.Ng3e2 Qd7d3
30.Kf2 Rc8c3
31.Rf4d4 { draw }
1/2-1/2

[Event "Tourn. n9442"]
[Site "www.chess-mail.com"]
[Date "2017.08.29"]
[Round "1"]
[White "Pachi"]
[Black "Julian"]
[WhiteElo "1620"]
[BlackElo "1490"]
[Result "0-1"]
[Round "1"]
1.e4 d6
2.b3 Ng8f6
3.d3 e5
4.Bc1g5 Bf8e7
5.Bg5xf6 Be7xf6
6.Nb1c3 O-O
7.Qd1h5 g6
8.Qh5h6 Bf6g7
9.Qh6e3 Bc8e6
10.Nc3b5 c6
11.Nb5xa7 c5
12.Na7b5 Nb8c6
13.c3 f5
14.exf5 gxf5
15.O-O-O Ra8xa2
16.d4 cxd4
17.cxd4 Nc6xd4
18.Kb1 Qd8a5
19.Qe3c3 Be6xb3
20.Qc3xa5 Ra2xa5
21.Rd1d2 Nd4xb5
22.Bf1xb5 Ra5xb5
23.f3 Rf8a8
24.Rd2xd6 e4
25.h4 Ra8a1
{ resign }
0-1

[Event "Tourn. n9483"]
[Site "www.chess-mail.com"]
[Date "2017.08.29"]
[Round "1"]
[White "Fantomas"]
[Black "Andychesston"]
[WhiteElo "2000"]
[BlackElo "2080"]
[Result "1-0"]
[Round "1"]
1.d4 d5
2.Ng1f3 Ng8f6
3.Bc1g5 e6
4.e3 Bf8e7
5.h3 h6
6.Bg5h4 g5
7.Bh4g3 Nb8c6
8.a3 Nf6e4
9.Bg3h2 h5
10.Nf3d2 Ne4xd2
11.Qd1xd2 Be7f6
12.Qd2e2 e5
13.dxe5 Bf6xe5
14.Bh2xe5 Nc6xe5
15.Nb1d2 Bc8f5
16.O-O-O c6
17.e4 Bf5g6
18.exd5 Qd8xd5
19.Nd2c4 Qd5xd1
20.Qe2xd1 Ne5d7
21.Bf1d3 b5
22.Nc4d6 { resign }
1-0

[Event "Tourn. n9503"]
[Site "www.chess-mail.com"]
[Date "2017.08.29"]
[Round "1"]
[White "Claudia"]
[Black "Bojan"]
[WhiteElo "1990"]
[BlackElo "2020"]
[Result "1-0"]
[Round "1"]
1.e4 e5
2.Ng1f3 Nb8c6
3.Bf1c4 h6
4.O-O Ng8f6
5.d3 d6
6.c3 Nc6a5
7.Nb1d2 c6
8.Rf1e1 Bc8g4
9.h3 Bg4h5
10.d4 Na5xc4
11.Nd2xc4 b5
12.dxe5 dxe5
13.Qd1xd8 Ra8xd8
14.Nc4xe5 Bf8d6
15.Ne5xc6 Rd8d7
16.e5 O-O
17.exd6 Bh5xf3
18.gxf3 Rf8c8
19.Nc6e7 { resign }
1-0

[Event "Tourn. n9497"]
[Site "www.chess-mail.com"]
[Date "2017.08.29"]
[Round "1"]
[White "Theo64"]
[Black "Cjood"]
[WhiteElo "1729"]
[BlackElo "1900"]
[Result "0-1"]
[Round "1"]
1.e4 e5
2.Ng1f3 Ng8f6
3.Bf1c4 Nf6xe4
4.Qd1e2 d5
5.Bc4b3 Bf8c5
6.d4 exd4
7.Qe2b5 c6
8.Qb5d3 Bc8g4
9.Nb1d2 f5
10.Nf3xd4 Bc5xd4
11.Qd3xd4 Qd8e7
12.O-O Nb8d7
13.f3 Bg4xf3
14.Rf1xf3 O-O
15.Nd2xe4 fxe4
16.Rf3xf8 Kxf8
17.Bb3xd5 cxd5
18.Qd4xd5 Nd7b6
19.Qd5xb7 Qe7xb7
20.Bc1g5 Nb6c4
{ resign }
0-1

[Event "Match"]
[Site "www.echecsemail.com"]
[Date "2017.08.29"]
[Round "1"]
[White "Cjood"]
[Black "Osvalazo"]
[WhiteElo "1930"]
[BlackElo "1870"]
[Result "1-0"]
[Round "1"]
1.e4 e5
2.Ng1f3 Nb8c6
3.Bf1b5 Nc6d4
4.Nf3xd4 exd4
5.c3 Bf8c5
6.Qd1g4 g6
7.cxd4 h5
8.Qg4d1 Bc5xd4
9.O-O a6
10.Bb5c4 Ng8f6
11.Qd1f3 b5
12.Bc4b3 Bc8b7
13.d3 Qd8e7
14.Nb1c3 Bd4xc3
15.bxc3 O-O-O
16.Bc1g5 Qe7e5
17.Bg5xf6 Qe5e8
18.Bf6xd8 Kxd8
19.Bb3xf7 Qe8f8
20.Bf7xg6 Qf8g8
21.Bg6xh5 Qg8g5
22.Bh5g4 Qg5h4
23.h3 Qh4e7
24.Ra1e1 Rh8f8
25.Qf3e3 Qe7a3
26.Qe3d4 d6
27.Qd4g7 d5
28.Qg7d7 
1-0

[Event "Match"]
[Site "www.echecsemail.com"]
[Date "2017.08.29"]
[Round "1"]
[White "Jaguar91"]
[Black "Krystek23"]
[WhiteElo "2190"]
[BlackElo "2380"]
[Result "0-1"]
[Round "1"]
1.e4 c5
2.Ng1f3 e6
3.d4 cxd4
4.Nf3xd4 Nb8c6
5.Nb1c3 Qd8c7
6.Nd4b5 Qc7b8
7.Bf1c4 a6
8.Nb5d4 Ng8f6
9.O-O b5
10.Nd4xc6 dxc6
11.Bc4d3 Bf8d6
12.f4 e5
13.fxe5 Bd6xe5
14.h3 O-O
15.Bc1g5 h6
16.Bg5xf6 Be5xf6
17.Rf1xf6 gxf6
18.Qd1h5 Kg7
19.Ra1f1 Qb8e5
20.Qh5h4 Qe5g5
21.Qh4f2 Bc8xh3
22.e5 f5
23.Nc3e2 Bh3g4
24.Ne2g3 Ra8d8
25.Bd3xf5 Rd8d2
26.Qf2e1 Rd2d1
27.Qe1f2 Rd1xf1
28.Qf2xf1 Bg4xf5
29.Ng3xf5 Kg6
30.Nf5d6 Qg5xe5
31.Qf1d3 f5
32.g4 Rf8d8
33.gxf5 Kg7
34.f6 Qe5xf6
35.Nd6f5 Kh7
36.Qd3e4 Rd8d2
37.Nf5g3 Qf6g6
38.Qe4e7 Kg8
39.Qe7e3 Rd2xc2
40.Kf1 Rc2xb2
41.Qe3e5 Qg6f7
42.Ng3f5 Qf7c4
{ resign }
0-1

[Event "Match"]
[Site "www.echecsemail.com"]
[Date "2017.08.29"]
[Round "1"]
[White "Ranjachess"]
[Black "Rindrandria"]
[WhiteElo "1870"]
[BlackElo "1730"]
[Result "1-0"]
[Round "1"]
1.e4 e5
2.a3 c5
3.Nb1c3 Ng8e7
4.Ng1f3 d6
5.Bf1c4 f5
6.Nf3g5 Ne7c6
7.Ng5f7 Qd8h4
8.Nf7xh8 fxe4
9.Bc4f7 Kd8
10.O-O Bc8g4
11.Qd1e1 Bg4f5
12.Bf7d5 Nc6d4
13.Bd5xb7 Nd4xc2
14.Qe1e2 Nc2xa1
15.Bb7xa8 Na1b3
16.Nc3xe4 Nb3d4
17.Nh8f7 Ke8
18.Nf7xd6 Bf8xd6
19.Ne4xd6 Kd7
20.Qe2xe5 Bf5d3
21.Qe5e8 Kc7
22.Qe8c8 Kxd6
23.Qc8xb8 Kd7
24.Rf1e1 Nd4e2
25.Re1xe2 Bd3xe2
26.Qb8xa7 Kd6
27.d3 Be2xd3
28.Bc1e3 Qh4c4
29.b3 Qc4c3
30.h4 Qc3xb3
31.Qa7xc5 Ke6
32.f4 Kf6
33.Be3d4 Kg6
34.Qc5g5 Kf7
35.Ba8d5 Qb3xd5
36.Qg5xd5 Kg6
37.h5 Kh6
38.Qd5g5 
1-0

[Event "1/128 Finale"]
[Site "www.chess-mail.com"]
[Date "2017.08.29"]
[Round "1"]
[White "Claudia"]
[Black "1challenger"]
[WhiteElo "1970"]
[BlackElo "1499"]
[Result "1-0"]
[Round "1"]
1.e4 c5
2.Ng1f3 e6
3.d4 cxd4
4.Nf3xd4 a6
5.Nb1c3 Bf8b4
6.Bc1d2 d5
7.e5 Nb8d7
8.f4 Nd7xe5
9.Nd4xe6 Bc8xe6
10.Qd1h5 Ne5c6
11.Bf1d3 Ng8f6
12.Qh5h4 O-O
13.O-O-O d4
14.Nc3e2 Bb4xd2
15.Rd1xd2  { time }
1-0

[Event "Fast Game"]
[Site "www.echecsemail.com"]
[Date "2017.08.29"]
[Round "1"]
[White "Attatroll"]
[Black "Cjood"]
[WhiteElo "1780"]
[BlackElo "1650"]
[Result "1-0"]
[Round "1"]
1.e4 c5
2.Ng1f3 Ng8f6
3.Nb1c3 Nb8c6
4.Bf1b5 Qd8c7
5.O-O e6
6.d3 d6
7.Bc1g5 Bf8e7
8.h3 a6
9.Bb5xc6 bxc6
10.Nc3e2 Bc8d7
11.a3 Qc7b6
12.b3 h6
13.Bg5h4 g5
14.Bh4g3 e5
15.Nf3h2 a5
16.Nh2g4 Nf6xg4
17.hxg4 Bd7xg4
18.Qd1d2 Bg4xe2
19.Qd2xe2 O-O-O
20.Rf1b1 h5
21.b4 cxb4
22.axb4 axb4
23.c3 c5
24.cxb4 cxb4
25.Qe2c2 Kb7
26.Qc2c4 Rd8c8
27.Qc4xf7 Rc8c7
28.Qf7d5 Rc7c6
29.Ra1a4 Kc7
30.Ra4xb4 Qb6a6
31.Qd5e6 Rh8e8
32.Rb4b7 Qa6xb7
33.Rb1xb7 Kxb7
34.Qe6d7 Rc6c7
35.Qd7xe8 h4
36.Bg3xh4 gxh4
37.Kh2 Be7g5
38.Qe8b5 Kc8
39.Kh3 Rc7g7
40.Qb5c6 Kd8
41.Qc6xd6 { resign }
1-0

[Event "Tourn. n9464"]
[Site "www.chess-mail.com"]
[Date "2017.08.30"]
[Round "1"]
[White "Churrasca"]
[Black "Attatroll"]
[WhiteElo "1920"]
[BlackElo "1990"]
[Result "1-0"]
[Round "1"]
1.e4 d6
2.d4 Ng8f6
3.Nb1c3 g6
4.f4 Bf8g7
5.Ng1f3 c5
6.Bf1b5 Bc8d7
7.Bb5xd7 Nb8xd7
8.d5 O-O
9.O-O Qd8b6
10.Kh1 Nf6g4
11.h3 Ng4h6
12.Qd1e1 f5
13.Nf3g5 Bg7f6
14.Ng5e6 Rf8f7
15.Ne6g5 Rf7f8
16.Qe1h4 Bf6g7
17.exf5 Rf8xf5
18.g4 Rf5f6
19.Nc3e4 Rf6f8
20.Ng5e6 Rf8f7
21.Ne6xg7 Kxg7
22.f5 Nh6g8
23.Ne4g5 Nd7f6
24.Ng5e6 Kh8
25.fxg6 Rf7g7
26.Ne6xg7 Kxg7
27.gxh7 Nf6xh7
28.b3 Qb6b4
29.Bc1b2 Ng8f6
30.Ra1e1 Ra8e8
31.a3 Qb4b5
32.g5 Re8h8
33.gxf6 Kf7
34.fxe7 Ke8
35.Bb2xh8 { resign }
1-0

[Event "Tourn. n9464"]
[Site "www.chess-mail.com"]
[Date "2017.08.30"]
[Round "1"]
[White "Picifarkinca"]
[Black "Attatroll"]
[WhiteElo "1940"]
[BlackElo "1990"]
[Result "1-0"]
[Round "1"]
1.g3 c6
2.Bf1g2 d5
3.d4 Ng8f6
4.Ng1f3 g6
5.O-O Bf8g7
6.Nb1d2 O-O
7.e3 Bc8g4
8.Qd1e1 Nb8d7
9.e4 Nf6xe4
10.Nd2xe4 dxe4
11.Qe1xe4 Nd7f6
12.Qe4f4 Qd8d7
13.c3 Qd7f5
14.Nf3e5 Qf5xf4
15.Bc1xf4 Nf6d5
16.Bg2xd5 cxd5
17.Ne5xg4 h5
18.Ng4e5 Ra8c8
19.Rf1e1 a6
20.Ne5d7 Rf8d8
21.Nd7c5 e6
22.Nc5xb7 Rd8d7
23.Nb7c5 Rd7c7
24.Bf4xc7 Rc8xc7
25.Nc5xa6 Rc7b7
26.Na6b4 Bg7f8
27.Nb4d3 Bf8d6
28.a4 Kg7
29.b4 { resign }
1-0

[Event "Tourn. n9512"]
[Site "www.chess-mail.com"]
[Date "2017.08.30"]
[Round "1"]
[White "Cjood"]
[Black "Biggles"]
[WhiteElo "2000"]
[BlackElo "2130"]
[Result "0-1"]
[Round "1"]
1.e3 e5
2.Bf1c4 d5
3.Bc4b3 Bc8e6
4.d3 Ng8f6
5.c3 Nb8c6
6.Ng1e2 Bf8d6
7.d4 O-O
8.dxe5 Nc6xe5
9.f4 Ne5d7
10.h3 Nf6e4
11.Bb3xd5 Qd8h4
12.g3 Ne4xg3
13.Bd5xb7 Ng3e4
14.Ne2g3 Qh4xg3
15.Ke2 Be6c4
{ resign }
0-1

[Event "Tourn. n9495"]
[Site "www.chess-mail.com"]
[Date "2017.08.30"]
[Round "1"]
[White "Cjood"]
[Black "Attatroll"]
[WhiteElo "1920"]
[BlackElo "2000"]
[Result "0-1"]
[Round "1"]
1.e4 d6
2.b3 Ng8f6
3.f3 g6
4.d4 Bf8g7
5.Bc1b2 O-O
6.Nb1c3 Nb8c6
7.Qd1d3 Nc6b4
8.Qd3d2 c6
9.Ng1e2 e5
10.h3 Nf6h5
11.g4 Qd8h4
12.Kd1 Nh5f4
13.Ne2xf4 exf4
14.Qd2xf4 Bg7h6
15.Qf4xd6 Qh4f2
16.Bb2c1 Qf2xc2
17.Ke1 Qc2xc3
18.Kf2 Bh6xc1
19.Ra1xc1 Qc3xc1
20.Qd6xb4 Qc1c2
21.Bf1e2 Qc2xa2
22.h4 Bc8e6
23.Qb4xb7 Be6xb3
24.Qb7xc6 Ra8c8
25.Qc6f6 Rc8c2
26.Rh1e1 Bb3c4
27.h5 Rc2xe2
28.Re1xe2 Qa2xe2
29.Kg3 Qe2e1
30.Kf4 Qe1c1
31.Ke5 Qc1h1
32.Kf4 Rf8b8
33.Kg5 Rb8b6
34.Qf6f4 Kg7
35.e5 h6

0-1

[Event "Tourn. n9483"]
[Site "www.chess-mail.com"]
[Date "2017.08.30"]
[Round "1"]
[White "Fantomas"]
[Black "Falcoale"]
[WhiteElo "2000"]
[BlackElo "2010"]
[Result "1/2-1/2"]
[Round "1"]
1.e4 c5
2.Ng1f3 e6
3.d4 cxd4
4.Nf3xd4 Nb8c6
5.Bc1e3 Ng8f6
6.f3 Bf8b4
7.c3 Nc6xd4
8.Qd1xd4 Bb4e7
9.Bf1e2 O-O
10.O-O Nf6e8
11.e5 f6
12.f4 b6
13.Be2f3 Ra8b8
14.exf6 Ne8xf6
15.Nb1d2 Bc8a6
16.Rf1e1 Nf6e8
17.Qd4a4 Ba6b7
18.Qa4xa7 Bb7xf3
19.Nd2xf3 Ne8f6
20.Qa7a4 Nf6d5
21.Be3d2 Be7d6
22.g3 Nd5c7
23.Qa4c2 Nc7d5
24.Qc2d3 Qd8c7
25.Nf3d4 Nd5f6
26.b4 Nf6g4
27.Nd4b5 Bd6c5
28.bxc5 Qc7xc5
29.Nb5d4 Qc5h5
30.Qd3e2 Rb8e8
31.Qe2g2 e5
32.fxe5 Rf8f2
33.Qg2d5 Kh8
34.h4 Rf2xd2
35.Qd5xd7 Rd2d3
36.Kg2 Rd3d2
37.Kg1 Ng4xe5
38.Qd7b7 Rd2d3
39.Qb7g2 Rd3xc3
40.Re1e2 Rc3c8
41.Ra1e1 { draw }
1/2-1/2

[Event "Tourn. n9462"]
[Site "www.chess-mail.com"]
[Date "2017.08.30"]
[Round "1"]
[White "Hundegana"]
[Black "Falcoale"]
[WhiteElo "1990"]
[BlackElo "2100"]
[Result "1-0"]
[Round "1"]
1.f4 c5
2.e4 e6
3.e5 Nb8c6
4.Ng1f3 b6
5.Bf1b5 Bc8b7
6.O-O a6
7.Bb5d3 d6
8.Nb1c3 Ng8h6
9.h3 Bf8e7
10.Rf1e1 Nc6b4
11.a3 Nb4xd3
12.cxd3 Nh6f5
13.Kh2 Bb7xf3
14.Qd1xf3 Nf5d4
15.Qf3d1 dxe5
16.fxe5 O-O
17.Nc3e2 Qd8c7
18.Ne2xd4 cxd4
19.b4 Be7f6
20.g3 Bf6xe5
21.Qd1f3 b5
22.Bc1b2 Ra8d8
23.Ra1c1 Be5f6
24.Rc1xc7 { resign }
1-0

[Event "Tourn. n9482"]
[Site "www.chess-mail.com"]
[Date "2017.08.30"]
[Round "1"]
[White "Coolant"]
[Black "Jazzy"]
[WhiteElo "2300"]
[BlackElo "2230"]
[Result "1-0"]
[Round "1"]
1.Nb1c3 d5
2.d4 Ng8f6
3.Bc1g5 Bc8f5
4.f3 h6
5.Bg5xf6 exf6
6.e4 dxe4
7.fxe4 Bf5g6
8.Ng1f3 Bf8b4
9.Bf1d3 O-O
10.O-O Rf8e8
11.e5 Bg6h5
12.Bd3e4 Nb8c6
13.Be4xc6 bxc6
14.exf6 Qd8xf6
15.Qd1d3 Ra8d8
16.Qd3c4 Bh5xf3
17.Qc4xb4 Rd8xd4
18.Qb4c5 Rd4f4
19.Rf1xf3 Rf4xf3
20.gxf3 Qf6xf3
21.Ra1f1 Qf3g4
22.Kh1 Re8e6
23.Qc5xa7 Re6g6
24.Qa7f2 { resign }
1-0

[Event "Tourn. n9512"]
[Site "www.chess-mail.com"]
[Date "2017.08.30"]
[Round "1"]
[White "Fantomas"]
[Black "Cjood"]
[WhiteElo "2180"]
[BlackElo "2000"]
[Result "1-0"]
[Round "1"]
1.c4 e6
2.d3 c6
3.Ng1f3 Qd8b6
4.Nb1c3 Bf8c5
5.e3 d5
6.d4 Bc5b4
7.c5 Bb4xc3
8.bxc3 Ng8f6
9.cxb6 axb6
10.Qd1b3 b5
11.Qb3b4 Nf6e4
12.Bc1a3 c5
13.Bf1xb5 Kd8
14.dxc5 Nb8c6
15.Bb5xc6 bxc6
16.Qb4b6 Kd7
17.Nf3e5 Ke8
18.Qb6xc6 { resign }
1-0

[Event "Tourn. n9479"]
[Site "www.chess-mail.com"]
[Date "2017.08.30"]
[Round "1"]
[White "Dussek"]
[Black "Azulmarino"]
[WhiteElo "1890"]
[BlackElo "1590"]
[Result "1-0"]
[Round "1"]
1.d4 d5
2.c4 Ng8f6
3.Ng1f3 c6
4.Bc1f4 dxc4
5.a4 Bc8g4
6.Nf3e5 Bg4f5
7.Ne5xc4 Bf5g4
8.Nb1c3 Nf6d5
9.Qd1c2 a6
{ time. }
1-0

[Event "Match"]
[Site "www.echecsemail.com"]
[Date "2017.08.30"]
[Round "1"]
[White "Cjood"]
[Black "Bojan"]
[WhiteElo "1950"]
[BlackElo "2020"]
[Result "0-1"]
[Round "1"]
1.b3 d5
2.Bc1b2 c6
3.e3 Bc8f5
4.g4 Bf5g6
5.f4 Bg6e4
6.Ng1f3 e6
7.d3 Be4g6
8.h4 h6
9.h5 Bg6h7
10.Nb1c3 Bf8b4
11.a3 Bb4a5
12.b4 Ba5b6
13.Nc3xd5 exd5
14.Bb2xg7 Bb6xe3
15.Qd1e2 Qd8e7
16.Bg7xh8 f6
17.Nf3h4 Kf7
18.f5 Qe7e5
19.Ra1b1 Nb8d7
20.Nh4g2 Qe5c3
21.Kd1 Be3g5
22.Ng2e3 Ra8e8
23.Rh1h3 Qc3xa3
24.Qe2f2 b5
25.Bf1g2 Qa3c3
26.Bg2xd5 cxd5
27.Ne3xd5 Qc3c6
28.Qf2d4 Ng8e7
29.Nd5xe7 Re8xe7
30.Qd4xa7 Nd7e5
31.Qa7a2 Kf8
32.c4 bxc4
33.Rb1c1 Qc6d5
34.Rc1c3 Qd5d4
35.Qa2a3 Re7a7
36.Qa3b2 Bh7g8
37.Rh3h2 Ne5xg4
38.Rh2e2 Ra7a8
39.Kc2 Ng4e3
40.Re2xe3 Qd4xe3
41.Rc3a3 Qe3e2
42.Kc3 Qe2xd3
{ resign }
0-1

[Event "Match"]
[Site "www.echecsemail.com"]
[Date "2017.08.30"]
[Round "1"]
[White "Cjood"]
[Black "Bojan"]
[WhiteElo "1950"]
[BlackElo "2020"]
[Result "1-0"]
[Round "1"]
1.g3 g6
2.Bf1g2 Bf8g7
3.c4 c6
4.e3 d6
5.a3 Qd8a5
6.b4 Qa5f5
7.e4 Qf5d7
8.d4 c5
9.Bc1b2 Nb8c6
10.Ng1e2 cxd4
11.Ne2xd4 a6
12.O-O Nc6e5
13.f4 Ne5xc4
14.Bb2c1 Ng8f6
15.Qd1e2 Qd7c7
16.Nb1d2 Nc4xd2
17.Qe2xd2 Ra8b8
18.Bc1b2 Qc7b6
19.Kh1 Nf6d7
20.Ra1e1 O-O
21.f5 Nd7e5
22.fxg6 fxg6
23.Rf1xf8 Bg7xf8
24.Bb2c3 Ne5c4
25.Qd2a2 Qb6c7
26.Bg2f1 b5
27.a4 e6
28.axb5 d5
29.exd5 exd5
30.bxa6 Rb8a8
31.b5 Nc4b6
32.Bf1g2 Qc7xc3
33.Bg2xd5 Kg7
34.Nd4e6 Kh8
35.Re1f1 Bc8xe6
36.Bd5xe6 Qc3d3
37.Rf1xf8 { resign }
1-0

[Event "Match"]
[Site "www.echecsemail.com"]
[Date "2017.08.30"]
[Round "1"]
[White "Gambitmiau"]
[Black "Azorau"]
[WhiteElo "1950"]
[BlackElo "1860"]
[Result "1-0"]
[Round "1"]
1.e4 e5
2.d4 exd4
3.c3 Ng8f6
4.Bc1g5 Bf8e7
5.Qd1xd4 c5
6.Qd4e3 O-O
7.Bf1c4 d6
8.Ng1f3 Bc8g4
9.O-O Bg4e6
10.Nb1d2 Be6xc4
11.Nd2xc4 b5
12.Bg5xf6 Be7xf6
13.Nc4d2 Rf8e8
14.Rf1e1 d5
15.e5 Nb8c6
16.Qe3f4 Bf6g5
17.Nf3xg5 h6
18.Qf4xf7 Kh8
19.Ng5e6 Re8xe6
20.Qf7xe6 Ra8c8
21.Qe6f5 Nc6e7
22.Qf5f7 Rc8c7
23.Qf7h5 Rc7c6
24.Nd2f3 Rc6g6
25.e6 Qd8d6
26.Nf3e5 Rg6f6
27.Ne5f7 Rf6xf7
28.exf7 Qd6f6
29.Qh5e5 Qf6xf7
30.Qe5xe7 { resign }
1-0

[Event "1/4 Finale"]
[Site "www.chess-mail.com"]
[Date "2017.08.30"]
[Round "1"]
[White "Asoka"]
[Black "Jose"]
[WhiteElo "2730"]
[BlackElo "2810"]
[Result "1/2-1/2"]
[Round "1"]
1.d4 Ng8f6
2.c4 e6
3.Ng1f3 d5
4.Nb1c3 c6
5.e3 Nb8d7
6.Bf1d3 dxc4
7.Bd3xc4 b5
8.Bc4d3 Bc8b7
9.Nc3e4 Nf6xe4
10.Bd3xe4 Bf8d6
11.O-O O-O
12.h3 a6
13.Qd1e2 Nd7f6
14.Be4d3 c5
15.dxc5 Bd6xc5
16.a4 b4
17.Rf1d1 Qd8b8
18.b3 Nf6d5
19.Bc1b2 Nd5c3
20.Qe2c2 g6
21.Bb2xc3 bxc3
22.Qc2xc3 Bb7xf3
23.gxf3 Bc5xe3
{ draw }
1/2-1/2